000 00551nam a2200169Ia 4500
003 GCL
008 140319s9999 xx 000 0 ara d
040 _aGCL /
_cGCL
082 0 4 _a812.3
_bم ح
100 1 _aمحمد مهران السيد
245 1 0 _aحكاية من وادى الملح : رؤية معاصرة لقصة الفلاح الفصيح مسرحية شعرية /
_cمحمد مهران السيد
300 _a99 ص
490 _a
650 0 4 _aالادب العربى
650 0 4 _aالمسرحيات العربية
942 _2ddc
_cBK
999 _c40494
_d40494